00643nam a22001697a 450000500170000000800400001710000200005724501180007725000110019526000410020630000200024744000550026750000570032265000400037970000290041970000250044820150713100103.0a s1970 sp spa1 aCampbell, K. O.10aEconomia agrícola :bFundamentos de agricultura moderna /cK. O. Campbell, J. W. Longwort ; tr. Pedro Pericali. a1a ed. aBarcelona, España :bAEDOS, c1970 a202 p. ;c21 cm 4aEconomia agrícola. pBiblioteca agrícola aedos aTraducción de : Fundamentals of modern agricultura 4aAgricultura xAspectos económicos1 aLongworth, J. W., coaut.1 aPericall, Pedro, tr.